|
|
|
|
| LEADER |
00000nam0a2200000 4500 |
| 001 |
347351 |
| 005 |
20241126112014.0 |
| 010 |
|
|
|a 9785434409322
|
| 035 |
|
|
|a (RuTPU)RU\TPU\book\379241
|
| 090 |
|
|
|a 347351
|
| 100 |
|
|
|a 20220324d2021 k y0rusy50 ca
|
| 101 |
0 |
|
|a rus
|
| 102 |
|
|
|a RU
|
| 105 |
|
|
|a a z 001zy
|
| 200 |
1 |
|
|a Колебания и волны во флюидонасыщенных геологических средах. Явления, процессы, закономерности. Волновая парадигма
|f О. Л. Кузнецов, В. П. Дыбленко, Д. В. Чилингар [и др.]
|g Государственный университет "Дубна", Научная школа нефтегазовой сейсмоакустики ; Российская академия естественных наук ; Университет Южной Калифорнии ; Калифорнийский государственный политехнический университет
|
| 210 |
|
|
|a Москва
|a Ижевск
|a Дубна
|c Институт компьютерных исследований
|d 2021
|
| 215 |
|
|
|a 420 с.
|c ил.
|
| 320 |
|
|
|a Библиогр. в конце гл.
|
| 330 |
|
|
|a Монография посвящена изучению и обоснованию возможности и перспектив использования волновых процессов для повышения качества изучения флюидонасыщенных сред и эффективности управления их свойствами. Представлены сводные результаты и выводы обширной исследовательской и научно-методической работы, начатой авторами в 60-е годы прошлого столетия и продолжающейся сегодня. Изложены установленные закономерности и особенности распространения волн упругих колебаний в продуктивных пластах. Предложены математические модели нелинейных волновых процессов переноса энергии в геологических средах, включающие представления уединенных сейсмических волн и пакетов. Подробно описаны исследования влияния колебаний на физические свойства насыщающих фаз в пластовых условиях, фильтрационные процессы напорного вытеснения и другие явления, связанные с движением флюидов при взаимодействии их с твердой фазой геологической среды. Предложена классификация возникающих нелинейных процессов в нефтегазовых пластах, методов воздействия на призабойную зону скважины и пласт, источников колебательного воздействия. Разработаны и апробированы математические модели, ИТ-методики и компьютерные инструменты по оптимизации технологий воздействия. Представлен уникальный комплекс технологий и скважинного виброволнового оборудования, результаты опытно-промысловых работ (ОПР) и внедрения на месторождениях с различными геолого-физическими характеристиками России и других стран мира. Изложена технология сейсмического мониторинга техногенных воздействий на разрабатываемых месторождениях углеводородов. Книга предназначена для научных работников, специалистов нефтяной и газовой промышленности, занимающихся вопросами внедрения физических методов воздействия, определением рациональных режимов, прогнозированием и оценкой эффективности технологий, а также для аспирантов и студентов по специальностям: "Геофизика"и "Разработка и эксплуатация нефтяных, газовых и газоконденсатных месторождений".
|
| 606 |
1 |
|
|a Нефтегазоносность
|x Сейсмическая разведка
|2 stltpush
|3 (RuTPU)RU\TPU\subj\45621
|9 64814
|
| 610 |
1 |
|
|a геологические среды
|
| 610 |
1 |
|
|a физические методы
|
| 610 |
1 |
|
|a геофизика
|
| 610 |
1 |
|
|a упругие колебания
|
| 610 |
1 |
|
|a трещиновато-пористые среды
|
| 610 |
1 |
|
|a флюидонасыщенные пористые среды
|
| 610 |
1 |
|
|a волновые процессы
|
| 610 |
1 |
|
|a пластовые условия
|
| 610 |
1 |
|
|a фазовые проницаемости
|
| 610 |
1 |
|
|a призабойные зоны
|
| 610 |
1 |
|
|a нефтеотдача
|
| 610 |
1 |
|
|a энергетические критерии
|
| 610 |
1 |
|
|a скважины
|
| 610 |
1 |
|
|a сейсмический мониторинг
|
| 610 |
1 |
|
|a техногенные процессы
|
| 610 |
1 |
|
|a флюидодинамические процессы
|
| 610 |
1 |
|
|a нефтедобыча
|
| 610 |
1 |
|
|a продуктивность
|
| 610 |
1 |
|
|a нефть
|
| 610 |
1 |
|
|a нефтегазовые пласты
|
| 675 |
|
|
|a 553.98:550.834
|v 4
|
| 701 |
|
1 |
|a Кузнецов
|b О. Л.
|g Олег Леонидович
|
| 701 |
|
1 |
|a Дыбленко
|b В. П.
|g Валерий Петрович
|
| 701 |
|
1 |
|a Чилингар
|b Д. В.
|g Джордж Варос
|
| 701 |
|
1 |
|a Садеги
|b К. М.
|g Казем Маджид
|
| 701 |
|
1 |
|a Марчуков
|b Е. Ю.
|g Евгений Ювенальевич
|
| 701 |
|
1 |
|a Шарифуллин
|b Р. Я.
|g Ришад Яхиевич
|
| 701 |
|
1 |
|a Чиркин
|b И. А.
|g Игорь Алексеевич
|
| 701 |
|
1 |
|a Симкин
|b Э. М.
|g Эрнст Михайлович
|
| 712 |
0 |
2 |
|a Государственный университет "Дубна"
|b Научная школа нефтегазовой сейсмоакустики
|c (Дубна)
|c (2001- )
|2 stltpush
|3 (RuTPU)RU\TPU\col\27937
|
| 712 |
0 |
2 |
|a Российская академия естественных наук
|c (Москва)
|c (1990- )
|2 stltpush
|3 (RuTPU)RU\TPU\col\138
|9 23220
|
| 712 |
0 |
2 |
|a Университет Южной Калифорнии
|7 ca
|8 rus
|c (Лос-Анджелес, США)
|2 stltpush
|3 (RuTPU)RU\TPU\col\27938
|9 28960
|
| 712 |
0 |
2 |
|a Калифорнийский государственный политехнический университет
|7 ca
|8 rus
|c (Сан-Луис-Обиспо, США)
|2 stltpush
|3 (RuTPU)RU\TPU\col\27939
|9 28961
|
| 801 |
|
1 |
|a RU
|b 63413507
|c 20220324
|
| 801 |
|
2 |
|a RU
|b 63413507
|c 20220426
|g RCR
|
| 942 |
|
|
|c BK
|
| 959 |
|
|
|a 3/20220324
|d 1
|e 1380,00
|f ЧЗТЛ:1
|